| 000 | 00768nam a22002657a 4500 | ||
|---|---|---|---|
| 003 | CHAP | ||
| 005 | 20220329133640.0 | ||
| 008 | 971013s1987 r 00010 d | ||
| 010 | _a9026 | ||
| 011 | _a9998 | ||
| 035 | _a9235 | ||
| 040 | _cCHAP | ||
| 082 |
_a591.5222 _bC6 |
||
| 100 | 0 | 0 |
_aCossins, A. R. _928465 |
| 245 | _aTemperature biology of animals | ||
| 260 |
_aLondon : _bChapman and Hall, _c1987 |
||
| 300 |
_a339 p. _b: gráfs |
||
| 590 |
_aBATCH-UPD _b10 _c20130110 _lUCH01 _h2256 |
||
| 590 |
_aCONVERSION _b10 _c20130109 _lUCH01 _h1306 |
||
| 650 | 1 | 4 |
_aTemperatura _xEfecto en animales. _9112181 |
| 700 | 0 |
_aBowler, K. _914832 |
|
| 901 | _aBK | ||
| 942 | _cLIBRO | ||
| 949 |
_a591.5222 C6 _bBC _cLIBRO _d33724000365680 _eLIBRO _gI.151455 _h77916 _i9235 _si _t338.20 |
||
| 999 |
_c9026 _d9026 |
||